The right stuff / (Record no. 126851)

MARC details
000 -LEADER
campo de control de longitud fija 01160nam a22003615i 4500
001 - NÚMERO DE CONTROL
campo de control 23788295
003 - IDENTIFICADOR DE NÚMERO DE CONTROL
campo de control BJBSDDR
005 - FECHA Y HORA DE LA ÚLTIMA TRANSACCIÓN
campo de control 20260420144841.0
007 - CAMPO FIJO DE DESCRIPCIÓN FÍSICA--INFORMACIÓN GENERAL
campo de control de longitud fija ta
008 - DATOS DE LONGITUD FIJA--INFORMACIÓN GENERAL
campo de control de longitud fija 240718s2024 nyu 000 0 eng
010 ## - NÚMERO DE CONTROL DE LA BIBLIOTECA DEL CONGRESO
Número de control de LC 2024942815
020 ## - NÚMERO INTERNACIONAL ESTÁNDAR DEL LIBRO
Número Internacional Estándar del Libro 9781250338358
020 ## - NÚMERO INTERNACIONAL ESTÁNDAR DEL LIBRO
Número Internacional Estándar del Libro 1250338352
035 ## - NÚMERO DE CONTROL DEL SISTEMA
Número de control de sistema 23788295
040 ## - FUENTE DE CATALOGACIÓN
Centro catalogador/agencia de origen DLC
Lengua de catalogación eng
Normas de descripción rda
Centro/agencia transcriptor DLC
041 ## - CÓDIGO DE IDIOMA
Código de lengua del texto/banda sonora o título independiente eng
042 ## - CÓDIGO DE AUTENTICACIÓN
Código de autenticación pcc
050 ## - SIGNATURA TOPOGRÁFICA DE LA BIBLIOTECA DEL CONGRESO
Número de ítem W855r 2024
100 1# - ENTRADA PRINCIPAL--NOMBRE DE PERSONA
Nombre de persona Wolfe, Tom,
Fechas asociadas al nombre 1930-2018
Término indicativo de función/relación author.
9 (RLIN) 48012
245 14 - MENCIÓN DEL TÍTULO
Título The right stuff /
Mención de responsabilidad, etc. Tom Wolfe ; Robin Sloan.
263 ## - FECHA PROYECTADA DE PUBLICACIÓN
Fecha proyectada de publicación 2411
264 #1 - PRODUCCIÓN, PUBLICACIÓN, DISTRIBUCIÓN, FABRICACIÓN Y COPYRIGHT
Producción, publicación, distribución, fabricación y copyright New York :
Nombre del de productor, editor, distribuidor, fabricante Picador / Farrar, Straus and Giroux,
Fecha de producción, publicación, distribución, fabricación o copyright 2024.
300 ## - DESCRIPCIÓN FÍSICA
Extensión xix, 352 pages ;
Dimensiones 21 cm
336 ## - TIPO DE CONTENIDO
Término de tipo de contenido text
Código de tipo de contenido txt
Fuente rdacontent
337 ## - TIPO DE MEDIO
Nombre/término del tipo de medio unmediated
Código del tipo de medio n
Fuente rdamedia
338 ## - TIPO DE SOPORTE
Nombre/término del tipo de soporte volume
Código del tipo de soporte nc
Fuente rdacarrier
520 ## - RESUMEN, ETC.
Sumario, etc. "Tom Wolfe tells the stories of the pilots, engineers, and astronauts involved in Project Mercury (1958-1963), the United States' first human spaceflight program"--
Fuente proveedora Provided by publisher.
700 1# - ENTRADA AGREGADA--NOMBRE PERSONAL
Nombre de persona Sloan, Robin,
Fechas asociadas al nombre 1979-
9 (RLIN) 48013
906 ## - ELEMENTOS DE DATOS F LOCAL, LDF (RLIN)
a 0
b ibc
c orignew
d 2
e epcn
f 20
g y-gencatlg
942 ## - ELEMENTOS DE ENTRADA SECUNDARIOS (KOHA)
Fuente del sistema de clasificación o colocación Clasificación de Library of Congress
Suprimir en OPAC No
Tipo de ítem Koha Libro
946 ## - PROCESAMIENTO DE INFORMACIÓN LOCAL (OCLC)
Iniciales del agente catalogador rmza
Holdings
Estatus retirado Estado de pérdida Fuente del sistema de clasificación o colocación Estado de daño No para préstamo Colección Biblioteca de origen Biblioteca actual Ubicación en estantería Fecha de adquisición Signatura topográfica completa Código de barras Visto por última vez Copia número Tipo de ítem Koha
    Clasificación de Library of Congress     Automatización y Procesos Técnicos Biblioteca Juan Bosch Biblioteca Juan Bosch Automatización y Procesos Técnicos (1er. Piso) 20/04/2026 W855r 2024 00000183833 20/04/2026 1 Libro